Introducción al arte de la lógica. Fascículo I, Categorías, interpretación / (Record no. 141150)

MARC details
000 -LEADER
campo de control de longitud fija 00960nam a2200229 i 4500
001 - NÚMERO DE CONTROL
campo de control 141150
003 - IDENTIFICADOR DE NÚMERO DE CONTROL
campo de control ES-MaACL
005 - FECHA Y HORA DE LA ÚLTIMA TRANSACCIÓN
campo de control 20250907063111.0
007 - CAMPO FIJO DE DESCRIPCIÓN FÍSICA--INFORMACIÓN GENERAL
campo de control de longitud fija t|
008 - DATOS DE LONGITUD FIJA--INFORMACIÓN GENERAL
campo de control de longitud fija 070919s1916 sp ||||1| spa d
080 ## - NÚMERO DE LA CLASIFICACIÓN DECIMAL UNIVERSAL
Número de la Clasificación Decimal Universal 161.1
100 0# - ENTRADA PRINCIPAL--NOMBRE DE PERSONA
Nombre de persona Ibn Tumlus, Yusuf b. Muhammad,
Fechas asociadas al nombre 1164-1223
9 (RLIN) 65021
245 10 - MENCIÓN DEL TÍTULO
Título Introducción al arte de la lógica. Fascículo I, Categorías, interpretación /
Mención de responsabilidad, etc. por Abentomlús de Alcira ; texto árabe y traducción por Miguel Asín.
260 ## - PUBLICACIÓN, DISTRIBUCIÓN, ETC.
Lugar de publicación, distribución, etc. Madrid :
Nombre del editor, distribuidor, etc. Junta para la Ampliación de Estudios e Investigaciones Científicas, Centro de Estudios Históricos,
Fecha de publicación, distribución, etc. 1916.
300 ## - DESCRIPCIÓN FÍSICA
Extensión XXIX, 153, 109 p. ;
Dimensiones 23 cm.
500 ## - NOTA GENERAL
Nota general 2 tomos en 1 vol.
500 ## - NOTA GENERAL
Nota general Las últimas 109 p. son texto en árabe con port. propia. - Texto en español y árabe.
700 1# - ENTRADA AGREGADA--NOMBRE PERSONAL
Nombre de persona Asín Palacios, Miguel.
9 (RLIN) 23614
710 2# - ENTRADA AGREGADA--NOMBRE DE ENTIDAD CORPORATIVA
Nombre de entidad corporativa o nombre de jurisdicción como elemento de entrada Centro de Estudios Históricos (1910-1939)
9 (RLIN) 2638
852 ## - LOCALIZACIÓN
Ubicación ES-MaACL
Número de control de estantería B-13191
Holdings
Estatus retirado Estado de pérdida Estado de daño No para préstamo Biblioteca de origen Biblioteca actual Ubicación en estantería Fecha de adquisición Fuente de adquisición Total de préstamos Signatura topográfica completa Código de barras Visto por última vez Precio de reemplazo Tipo de ítem Koha
        Biblioteca del Ateneo de Madrid Biblioteca del Ateneo de Madrid Sala Pardo Bazán 17/01/2008     B-13191 1146871 23/02/2023 23/02/2023 Libro impreso